[Event "38th Olympiad"]
[Site "Dresden GER"]
[Date "2008.11.22"]
[Round "9"]
[White "Ftacnik, L."]
[Black "Aleksandrov, A."]
[Result "0-1"]
[WhiteElo "2571"]
[BlackElo "2617"]
[PlyCount "68"]
[EventDate "2008.11.13"]
[SourceDate "1999.07.01"]

1. d4 Nf6 2. Nf3 e6 3. c4 d5 4. Nc3 Bb4 5. cxd5 exd5 6. Bg5 Nbd7 7. Qa4 Bxc3+
8. bxc3 O-O 9. e3 c5 10. Bd3 h6 11. Bh4 Qe8 12. Bxf6 Nxf6 13. Qxe8 Rxe8 14.
dxc5 Ne4 15. Bxe4 dxe4 16. Nd2 Re5 17. O-O Be6 18. Rfb1 Rd8 19. Nb3 Rd7 20. h3
Bc4 21. Rd1 Rd3 22. Rxd3 exd3 23. Rd1 f5 24. g3 g5 25. Kf1 Kg7 26. Rb1 Kf6 27.
Nd2 Ba6 28. Rb3 Rxc5 29. c4 Rxc4 30. Nxc4 Bxc4 31. Ke1 Bxb3 32. axb3 Ke5 33. f3
a5 34. Kd2 g4 0-1

[Event "38th Olympiad"]
[Site "Dresden GER"]
[Date "2008.11.23"]
[Round "10"]
[White "Van Wely, L."]
[Black "Socko, B."]
[Result "1/2-1/2"]
[WhiteElo "2618"]
[BlackElo "2631"]
[PlyCount "85"]
[EventDate "2008.11.13"]
[SourceDate "1999.07.01"]

1. d4 Nf6 2. c4 e6 3. Nf3 d5 4. Nc3 Bb4 5. cxd5 exd5 6. Bg5 O-O 7. Qc2 h6 8.
Bh4 Be6 9. a3 Be7 10. e3 Nbd7 11. Be2 c5 12. O-O Rc8 13. Qb3 Ne4 14. Bxe7 Qxe7
15. Rfd1 cxd4 16. Nxd4 Nxc3 17. bxc3 Nc5 18. Qb4 Rfd8 19. Rac1 Rd7 20. Bf3 Qf6
21. Ne2 b6 22. Nf4 Rcd8 23. Rd4 g5 24. Nxe6 Nxe6 25. Rd2 Qe5 26. Rcd1 Rc7 27.
Rd3 Rdc8 28. h3 Rxc3 29. Rxd5 Qf6 30. Rd7 R3c7 31. Qb5 Rxd7 32. Rxd7 Rc1+ 33.
Kh2 Rc5 34. Qd3 Qe5+ 35. g3 Rc3 36. Qd2 Rc7 37. Bh5 Rxd7 38. Qxd7 Qf5 39. Kg1
a5 40. Qb7 Ng7 41. Bf3 Ne6 42. Bg2 Qd3 43. Qxb6 1/2-1/2

[Event "TCh-SLO"]
[Site "Murska Sobota SLO"]
[Date "2008.12.07"]
[Round "2"]
[White "Ivanisevic, I."]
[Black "Gyimesi, Z."]
[Result "1/2-1/2"]
[WhiteElo "2658"]
[BlackElo "2592"]
[PlyCount "63"]
[EventDate "2008.12.06"]
[SourceDate "1999.07.01"]

1. d4 Nf6 2. c4 e6 3. Nf3 d5 4. Nc3 Bb4 5. Qa4+ Nc6 6. e3 O-O 7. a3 Bxc3+ 8.
bxc3 Re8 9. Qc2 Na5 10. cxd5 exd5 11. a4 c5 12. dxc5 Qc7 13. Ba3 Ne4 14. Rd1
Be6 15. Bb5 Red8 16. O-O Nxc5 17. Ng5 Ne4 18. Nxe4 dxe4 19. Qxe4 Nc4 20. Bxc4
Bxc4 21. Rfe1 Bb3 22. Rxd8+ Rxd8 23. Qb4 Qc4 24. Qxc4 Bxc4 25. Bc5 b6 26. Bd4
Rd5 27. Rb1 Ra5 28. Rb4 Be6 29. f3 f6 30. e4 Kf7 31. Kf2 Ke7 32. Ke3 1/2-1/2

[Event "XVIII Magistral"]
[Site "Elgoibar ESP"]
[Date "2008.12.13"]
[Round "3"]
[White "Mirzoev, A."]
[Black "Cruz, Cr"]
[Result "1-0"]
[WhiteElo "2567"]
[BlackElo "2534"]
[PlyCount "95"]
[EventDate "2008.12.12"]
[SourceDate "1999.07.01"]

1. Nf3 Nf6 2. c4 e6 3. Nc3 d5 4. d4 Bb4 5. Qa4+ Nc6 6. e3 O-O 7. Bd2 Bd7 8. Qc2
dxc4 9. Bxc4 Bd6 10. Nb5 a6 11. Nxd6 cxd6 12. Rc1 Rc8 13. Qb1 Ne7 14. b3 Qb6
15. O-O d5 16. Bd3 Bb5 17. Ne5 Rxc1 18. Rxc1 Bxd3 19. Qxd3 Rc8 20. Rxc8+ Nxc8
21. Qc2 Na7 22. f3 Nc6 23. Nxc6 bxc6 24. Kf2 Nd7 25. Qc3 Kf8 26. Qb4+ Qxb4 27.
Bxb4+ Ke8 28. Ke2 Kd8 29. Bd6 Kc8 30. Kd3 Kb7 31. Kc3 Kb6 32. Kb4 Kb7 33. g4
Kb6 34. h4 Kb7 35. h5 Kb6 36. Be7 Kc7 37. Kc3 f5 38. Kd3 fxg4 39. fxg4 Nf6 40.
Bxf6 gxf6 41. h6 Kd6 42. Kc3 Kc7 43. Kb4 Kb6 44. a3 a5+ 45. Ka4 c5 46. dxc5+
Kxc5 47. Kxa5 e5 48. b4+ 1-0

[Event "8th Amplico AIG Life Rapid"]
[Site "Warsaw POL"]
[Date "2008.12.21"]
[Round "11"]
[White "Sumets, A."]
[Black "Aleksandrov, A."]
[Result "1/2-1/2"]
[WhiteElo "2545"]
[BlackElo "2617"]
[PlyCount "53"]
[EventDate "2008.12.20"]
[SourceDate "1999.07.01"]

1. d4 d5 2. c4 e6 3. Nf3 Nf6 4. Nc3 Bb4 5. cxd5 exd5 6. Bg5 Nbd7 7. e3 c5 8.
Bd3 c4 9. Bf5 Nb6 10. Bxc8 Rxc8 11. O-O Bxc3 12. bxc3 Qd6 13. Bxf6 Qxf6 14. Qb1
O-O 15. a4 Rc7 16. Re1 Rd8 17. a5 Nc8 18. e4 dxe4 19. Nd2 Qg6 20. Nxe4 Re7 21.
Nd2 Qxb1 22. Raxb1 Rxe1+ 23. Rxe1 Nd6 24. Re7 Kf8 25. Rc7 b5 26. axb6 axb6 27.
Nxc4 1/2-1/2

[Event "1st Asian Clubs"]
[Site "Al Ain UAE"]
[Date "2008.12.27"]
[Round "3"]
[White "Jobava, Ba"]
[Black "Iuldachev, S."]
[Result "1-0"]
[WhiteElo "2664"]
[BlackElo "2511"]
[PlyCount "97"]
[EventDate "2008.12.25"]
[SourceDate "1999.07.01"]

1. d4 d5 2. c4 e6 3. Nf3 Nf6 4. Nc3 Bb4 5. cxd5 exd5 6. Qa4+ Nc6 7. Bg5 h6 8.
Bxf6 Qxf6 9. e3 O-O 10. Be2 Be6 11. O-O a6 12. Rfc1 Rfd8 13. Qd1 Bd6 14. Rab1
Ne7 15. b4 c6 16. Na4 Bf5 17. Rb2 Rac8 18. Nc5 Rc7 19. a4 Bc8 20. Ne1 Nf5 21.
Rbc2 Re8 22. b5 axb5 23. axb5 Rce7 24. Nf3 Nh4 25. bxc6 bxc6 26. Nd3 Nxf3+ 27.
Bxf3 Bd7 28. Ra2 g6 29. Ra6 h5 30. Qd2 Kg7 31. Nb4 Rc8 32. Rb6 Rb8 33. Rxb8
Bxb8 34. Qc3 Re8 35. Na6 Bd6 36. Nc5 Bg4 37. Bd1 Bxc5 38. Qxc5 Bxd1 39. Rxd1
Re6 40. Rb1 Qf5 41. Rb2 Qd3 42. h3 h4 43. Rb8 Kf6 44. Qf8 Rxe3 45. Rb7 Re1+ 46.
Kh2 Kg5 47. Rxf7 Re4 48. f4+ Rxf4 49. Qe7+ 1-0

[Event "1st Asian Clubs"]
[Site "Al Ain UAE"]
[Date "2008.12.29"]
[Round "5"]
[White "El Gindy, E."]
[Black "Safin, S."]
[Result "1/2-1/2"]
[WhiteElo "2526"]
[BlackElo "2510"]
[PlyCount "120"]
[EventDate "2008.12.25"]
[SourceDate "1999.07.01"]

1. d4 d5 2. c4 e6 3. Nc3 Bb4 4. Nf3 Nf6 5. Qa4+ Nc6 6. Ne5 Bd7 7. Nxd7 Nxd7 8.
e3 Nb6 9. Qb3 dxc4 10. Bxc4 Nxc4 11. Qxc4 Qd5 12. Qxd5 Bxc3+ 13. bxc3 exd5 14.
Rb1 b6 15. O-O Na5 16. f3 f5 17. e4 fxe4 18. fxe4 dxe4 19. Bg5 Rf8 20. Rfe1 Kd7
21. Rxe4 Rae8 22. Rxe8 Rxe8 23. Rf1 Ke6 24. Re1+ Kf7 25. Rxe8 Kxe8 26. d5 Kd7
27. Bf4 c6 28. dxc6+ Kxc6 29. Be5 g6 30. Bb8 a6 31. Kf2 Kd5 32. Ba7 Nc4 33. Kf3
b5 34. Kf4 h6 35. h4 Nb2 36. g4 Nd3+ 37. Ke3 Nc5 38. h5 gxh5 39. gxh5 Ne6 40.
Bb8 Ng7 41. Bf4 Nxh5 42. Bxh6 Kc4 43. Kd2 Ng3 44. Kc2 Nf5 45. Bf4 a5 46. Bc7 a4
47. Bf4 Ne7 48. Be5 Nd5 49. Kd2 Nb6 50. Bd4 Nd7 51. Bg7 Nc5 52. Kc2 Kd5 53. Bf8
Ne6 54. Be7 Ke4 55. Bd6 Nd8 56. Bc7 Nc6 57. Kd2 Ne7 58. Bd6 Nd5 59. Bc5 Nf4 60.
Bd6 Nd3 1/2-1/2

[Event "1st Asian Clubs"]
[Site "Al Ain UAE"]
[Date "2008.12.30"]
[Round "6"]
[White "Zhou Jianchao"]
[Black "Iuldachev, S."]
[Result "1-0"]
[WhiteElo "2612"]
[BlackElo "2511"]
[PlyCount "115"]
[EventDate "2008.12.25"]
[SourceDate "1999.07.01"]

1. d4 d5 2. c4 e6 3. Nf3 Nf6 4. Nc3 Bb4 5. cxd5 exd5 6. Bg5 Nbd7 7. Qa4 Bxc3+
8. bxc3 O-O 9. Nd2 c5 10. e3 Qe8 11. Be2 Qe6 12. O-O b6 13. Qb3 Bb7 14. a4 Bc6
15. Rfe1 Rfe8 16. Bf4 h6 17. h3 Qf5 18. Qb1 Qe6 19. Bd3 Ne4 20. Bxe4 dxe4 21.
c4 cxd4 22. exd4 Qf5 23. Bg3 Nf6 24. d5 Bd7 25. Qb2 Qg6 26. Ra3 Bf5 27. Be5 Nd7
28. Rg3 Nxe5 29. Rxg6 Bxg6 30. Qd4 f5 31. a5 Nd7 32. Nb3 Rac8 33. axb6 axb6 34.
Ra1 f4 35. Ra7 Nf6 36. d6 Bf5 37. Qxb6 e3 38. fxe3 fxe3 39. Re7 e2 40. Qe3 Rxe7
41. dxe7 Bd3 42. c5 Bc4 43. Nd4 Kf7 44. Nxe2 Bxe2 45. Qxe2 Rc7 46. Qe5 Rxe7 47.
Qb8 Ne8 48. c6 Ke6 49. Qd8 Kf7 50. h4 Re1+ 51. Kf2 Re7 52. h5 Nc7 53. Kf3 Ne6
54. Qd5 Ra7 55. Ke4 Kf6 56. Qe5+ Kf7 57. Kf5 Re7 58. Qd5 1-0

[Event "It A"]
[Site "Nancy FRA"]
[Date "2009.02.19"]
[Round "5"]
[White "Feller, S."]
[Black "Gozzoli, Y."]
[Result "1-0"]
[WhiteElo "2525"]
[BlackElo "2503"]
[PlyCount "59"]
[EventDate "2009.02.16"]
[SourceDate "1999.07.01"]

1. d4 Nf6 2. c4 e6 3. Nf3 d5 4. Nc3 Bb4 5. cxd5 exd5 6. Bg5 Nbd7 7. Qa4 Bxc3+
8. bxc3 O-O 9. e3 c5 10. Bd3 h6 11. Bh4 c4 12. Bc2 g5 13. Bg3 Ne4 14. Bxe4 dxe4
15. Nd2 Nb6 16. Qb4 f5 17. Be5 Nd5 18. Qxc4 Be6 19. Qb5 Nxc3 20. Qxb7 Rf7 21.
Qa6 Qd7 22. Nb3 Qc8 23. Qxc8+ Rxc8 24. Nc5 Bd7 25. h4 g4 26. Kd2 Na4 27. Nxd7
Rxd7 28. Rhc1 Rdd8 29. Rab1 Nc5 30. Bf6 1-0

[Event "19th Zadar Open A"]
[Site "Zadar CRO"]
[Date "2012.12.19"]
[Round "5.2"]
[White "Saric, A."]
[Black "Brkic, A."]
[Result "1/2-1/2"]
[WhiteElo "2533"]
[BlackElo "2583"]
[PlyCount "42"]
[EventDate "2012.12.16"]
[EventType "swiss"]
[SourceDate "1999.07.01"]

1. d4 d5 2. c4 e6 3. Nf3 Nf6 4. Nc3 Bb4 5. cxd5 exd5 6. Bg5 Nbd7 7. e3 c5 8.
Bd3 Qa5 9. Qc2 c4 10. Bf5 O-O 11. O-O Re8 12. Nd2 g6 13. Bxd7 Nxd7 14. e4 Bxc3
15. Qxc3 Qxc3 16. bxc3 f6 17. Bh4 g5 18. Bg3 Nb6 19. f4 g4 20. e5 Na4 21. Rac1
b5 1/2-1/2

[Event "Amplico ch-EUR Rapid"]
[Site "Warsaw POL"]
[Date "2012.12.15"]
[Round "7.7"]
[White "Moranda, W."]
[Black "Gajewski, G."]
[Result "1-0"]
[WhiteElo "2559"]
[BlackElo "2644"]
[PlyCount "53"]
[EventDate "2012.12.15"]
[SourceDate "1999.07.01"]

1. d4 Nf6 2. c4 e6 3. Nf3 d5 4. Nc3 Bb4 5. Qa4+ Nc6 6. Bg5 h6 7. Bxf6 Qxf6 8.
e3 O-O 9. Be2 Rd8 10. O-O a6 11. Qc2 dxc4 12. Bxc4 Bd6 13. a3 e5 14. Nd5 Qf5
15. e4 Qh5 16. dxe5 Nxe5 17. Nxe5 Qxe5 18. f4 Qd4+ 19. Kh1 b5 20. Ba2 Bb7 21.
Rad1 Qc5 22. Qe2 c6 23. b4 Qa7 24. Nf6+ Kh8 25. e5 Bf8 26. Qe4 g6 27. Bxf7 1-0

[Event "Amplico ch-EUR Rapid"]
[Site "Warsaw POL"]
[Date "2012.12.16"]
[Round "8.16"]
[White "Riazantsev, A."]
[Black "Kulaots, K."]
[Result "0-1"]
[WhiteElo "2705"]
[BlackElo "2581"]
[PlyCount "74"]
[EventDate "2012.12.15"]
[SourceDate "1999.07.01"]

1. d4 Nf6 2. c4 e6 3. Nf3 d5 4. Nc3 Bb4 5. cxd5 exd5 6. Bg5 h6 7. Bh4 c5 8. e3
c4 9. Nd2 g5 10. Bg3 Bf5 11. Be2 Nc6 12. h4 Rg8 13. hxg5 hxg5 14. Rc1 Kf8 15.
O-O Rh8 16. b3 Bxc3 17. Rxc3 b5 18. bxc4 bxc4 19. Qa4 Rc8 20. Nxc4 Ne4 21. Rcc1
Qf6 22. Qa3+ Kg8 23. Qd6 Nxd6 24. Nxd6 Kh7 25. Ba6 Ne7 26. Be5 Qe6 27. Nxc8
Nxc8 28. Bxh8 Qxa6 29. Be5 Bd3 30. Rfd1 Bc4 31. Rd2 Ne7 32. Rb2 Qa3 33. Rcc2
Bd3 34. Rd2 Qc3 35. f4 Nf5 36. g4 Qc1+ 37. Kf2 Qf1# 0-1

[Event "Doroshkevicha Mem Open 2012"]
[Site "Sochi RUS"]
[Date "2012.11.28"]
[Round "3"]
[White "Malaniuk, V."]
[Black "Landa, K."]
[Result "1/2-1/2"]
[WhiteElo "2514"]
[BlackElo "2640"]
[PlyCount "20"]
[EventDate "2012.11.26"]
[SourceDate "1999.07.01"]

1. d4 Nf6 2. Nf3 d5 3. c4 e6 4. Nc3 Bb4 5. cxd5 exd5 6. Bg5 Nbd7 7. Qb3 c5 8.
a3 Bxc3+ 9. Qxc3 h6 10. Bxf6 Qxf6 1/2-1/2

[Event "TCh-CZE Extraliga 2012-13"]
[Site "Czech Republic CZE"]
[Date "2012.12.02"]
[Round "4.5"]
[White "Votava, J."]
[Black "Hracek, Z."]
[Result "1/2-1/2"]
[WhiteElo "2534"]
[BlackElo "2615"]
[PlyCount "51"]
[EventDate "2012.11.03"]
[SourceDate "1999.07.01"]
[WhiteTeam "Rapid Pardubice"]
[BlackTeam "1. Novoborsky SK"]

1. d4 Nf6 2. Nf3 d5 3. c4 e6 4. Nc3 Bb4 5. cxd5 exd5 6. Bg5 h6 7. Bxf6 Qxf6 8.
Qb3 c5 9. a3 Bxc3+ 10. Qxc3 Nd7 11. Qe3+ Qe7 12. Qxe7+ Kxe7 13. dxc5 Nxc5 14.
Rc1 Ne6 15. g3 Bd7 16. Bg2 Rac8 17. Kd2 Kd6 18. Rxc8 Rxc8 19. Rc1 Rxc1 20. Kxc1
a5 21. Kd2 d4 22. Bh3 Kd5 23. Bg2 Kd6 24. Bh3 Kd5 25. Nh4 Kc5 26. Nf3 1/2-1/2

[Event "TCh-FIN SM 2012-13"]
[Site "Salo FIN"]
[Date "2012.11.17"]
[Round "6.1"]
[White "Nyback, T."]
[Black "Kulaots, K."]
[Result "1/2-1/2"]
[WhiteElo "2618"]
[BlackElo "2567"]
[PlyCount "49"]
[EventDate "2012.09.29"]
[SourceDate "1999.07.01"]
[WhiteTeam "Aatos, Helsinki"]
[BlackTeam "SalSK, Salo"]

1. Nf3 Nf6 2. c4 e6 3. Nc3 d5 4. d4 Bb4 5. cxd5 exd5 6. Bg5 h6 7. Bh4 c5 8. e3
c4 9. Nd2 g5 10. Bg3 Bf5 11. h4 Rg8 12. hxg5 hxg5 13. Be5 Bxc3 14. bxc3 Nbd7
15. Qf3 Bg6 16. Bxf6 Nxf6 17. Qg3 Qb6 18. Qe5+ Kd7 19. Be2 Rae8 20. Qxg5 Bc2
21. Qf4 Qb2 22. O-O Rxg2+ 23. Kxg2 Rg8+ 24. Kh2 Rh8+ 25. Kg2 1/2-1/2

[Event "5th Douglas Martinez"]
[Site "Guarenas VEN"]
[Date "2012.10.28"]
[Round "5.2"]
[White "Bruzon Batista, L."]
[Black "Arencibia Rodriguez, W."]
[Result "1/2-1/2"]
[WhiteElo "2717"]
[BlackElo "2526"]
[PlyCount "82"]
[EventDate "2012.10.25"]
[SourceDate "1999.07.01"]

1. Nf3 Nf6 2. c4 e6 3. Nc3 d5 4. d4 Bb4 5. e3 c5 6. Bd3 dxc4 7. Bxc4 O-O 8. O-O
Nc6 9. a3 Ba5 10. Bd3 Bd7 11. Ne4 cxd4 12. exd4 Nxe4 13. Bxe4 h6 14. Bc2 Qf6
15. Be3 Ne7 16. b4 Bc7 17. Qd3 Nf5 18. Ne5 Rfd8 19. Qe4 Bb5 20. Rfd1 Rac8 21.
Rac1 Bc6 22. Nxc6 bxc6 23. Qf3 Nxe3 24. fxe3 Qxf3 25. gxf3 a5 26. Be4 axb4 27.
axb4 Bd6 28. Rc4 Rb8 29. Rb1 Rdc8 30. Kf2 Kf8 31. Ke2 Ke7 32. f4 g5 33. f5 Rb6
34. fxe6 fxe6 35. b5 c5 36. h3 Rc7 37. Kd3 cxd4 38. Rxc7+ Bxc7 39. exd4 Rd6 40.
Kc4 Bb6 41. d5 h5 1/2-1/2

[Event "16th OIBM 2012"]
[Site "Bad Wiessee GER"]
[Date "2012.11.01"]
[Round "6.2"]
[White "Prusikin, M."]
[Black "Parligras, M."]
[Result "1/2-1/2"]
[WhiteElo "2545"]
[BlackElo "2633"]
[PlyCount "29"]
[EventDate "2012.10.27"]
[SourceDate "1999.07.01"]

1. d4 Nf6 2. c4 e6 3. Nf3 d5 4. Nc3 Bb4 5. Qa4+ Nc6 6. e3 O-O 7. Qc2 dxc4 8.
Bxc4 Bd6 9. O-O e5 10. h3 a6 11. a3 b5 12. Be2 Bb7 13. Rd1 exd4 14. exd4 Ne7
15. Ne5 1/2-1/2

[Event "TCh-ISL 2012-13"]
[Site "Reykjavik ISL"]
[Date "2012.10.06"]
[Round "3.2"]
[White "Eljanov, P."]
[Black "Gretarsson, Hj"]
[Result "1-0"]
[WhiteElo "2681"]
[BlackElo "2512"]
[PlyCount "105"]
[EventDate "2012.10.05"]
[SourceDate "1999.07.01"]
[WhiteTeam "Vikingaklubburinn A"]
[BlackTeam "Hellir A"]

1. d4 Nf6 2. c4 e6 3. Nf3 d5 4. Nc3 Bb4 5. Bg5 h6 6. Bxf6 Qxf6 7. e3 O-O 8. Rc1
c5 9. cxd5 cxd4 10. Qxd4 Qxd4 11. Nxd4 exd5 12. a3 Bxc3+ 13. Rxc3 Be6 14. Be2
Rd8 15. Kd2 Nd7 16. Rc7 Rab8 17. Rhc1 Kf8 18. f3 Nf6 19. Bb5 a6 20. Ba4 Bd7 21.
Bxd7 Nxd7 22. Nf5 Ne5 23. b3 Nc6 24. Nd4 Ne7 25. g4 g6 26. h4 Rdc8 27. h5 Rxc7
28. Rxc7 gxh5 29. gxh5 Ke8 30. Kd3 Kd8 31. Rc1 Kd7 32. Rg1 Rg8 33. Rg4 Rxg4 34.
fxg4 f6 35. e4 Kd6 36. Ke3 Ke5 37. Nf3+ Ke6 38. Nh4 dxe4 39. Kxe4 b6 40. Kf4 a5
41. a4 Nd5+ 42. Kf3 Ne7 43. Ke4 Nc6 44. Nf5 Ne5 45. Nxh6 Nd7 46. Kd4 Ne5 47.
Ke3 Kd5 48. Kf4 Ke6 49. Nf5 Nd3+ 50. Kf3 Ne5+ 51. Kg3 Nf7 52. Ne3 Kd6 53. Kf4
1-0

[Event "Trans-Europa-Schach-Express 2012"]
[Site "Potsdam GER"]
[Date "2012.10.13"]
[Round "3.3"]
[White "Timman, J."]
[Black "Swiercz, D."]
[Result "1/2-1/2"]
[WhiteElo "2578"]
[BlackElo "2609"]
[PlyCount "146"]
[EventDate "2012.10.13"]
[SourceDate "1999.07.01"]
[WhiteTeam "NED"]
[BlackTeam "POL"]

1. d4 Nf6 2. c4 e6 3. Nf3 d5 4. Nc3 Bb4 5. cxd5 exd5 6. Bg5 h6 7. Bxf6 Qxf6 8.
Qa4+ Nc6 9. e3 O-O 10. Be2 Be6 11. Rc1 a6 12. O-O Bd6 13. Rfe1 Ne7 14. Qc2 Bf5
15. Qb3 Be6 16. Qc2 Bf5 17. Bd3 Bg4 18. Nd2 b6 19. Na4 Rfb8 20. a3 Bd7 21. Nf3
Bg4 22. Ne5 Be6 23. f4 c5 24. dxc5 bxc5 25. Nxc5 Bxe5 26. fxe5 Qxe5 27. b4 Rc8
28. Qc3 Qg5 29. Qd4 Nc6 30. Qf4 Ne5 31. Nxe6 fxe6 32. Rxc8+ Rxc8 33. Qxg5 hxg5
34. Bxa6 Rc3 35. a4 Rb3 36. a5 Rxb4 37. Ra1 Kf7 38. Be2 Rb7 39. a6 Ra7 40. Rb1
Kf6 41. Rb7 Ra8 42. Bb5 Nc4 43. Rc7 Nd6 44. Bd3 g6 45. Kf2 e5 46. h3 e4 47. Be2
Ke5 48. Ke1 Ke6 49. Kd2 Ke5 50. Kc3 Nf5 51. Kd2 d4 52. Rc5+ Kd6 53. exd4 Nxd4
54. Rxg5 Ke6 55. Rxg6+ Kf5 56. Rd6 Ke5 57. Rb6 Rd8 58. Bc4 Kf4 59. Rf6+ Ke5 60.
Rb6 Kf4 61. g3+ Kxg3 62. Ke3 Nc2+ 63. Ke2 Nd4+ 64. Kd2 Kf2 65. Rf6+ Nf3+ 66.
Kc3 e3 67. a7 e2 68. Bxe2 Kxe2 69. Kc4 Ra8 70. Re6+ Kf2 71. Re7 Kg3 72. Kc5
Kxh3 73. Kb6 Kg4 1/2-1/2

[Event "St Petersburg Rapid Cup 2012"]
[Site "St Petersburg RUS"]
[Date "2012.10.07"]
[Round "11.3"]
[White "Matlakov, M."]
[Black "Alekseev, Evgeny"]
[Result "0-1"]
[WhiteElo "2665"]
[BlackElo "2683"]
[PlyCount "82"]
[EventDate "2012.10.05"]
[SourceDate "1999.07.01"]

1. d4 Nf6 2. c4 e6 3. Nf3 d5 4. Nc3 Bb4 5. cxd5 exd5 6. Bg5 Nbd7 7. e3 c5 8.
dxc5 Qa5 9. Rc1 Bxc3+ 10. bxc3 O-O 11. Nd4 Ne4 12. Bf4 Re8 13. c6 bxc6 14. Nxc6
Qxa2 15. Be2 Qa3 16. Qc2 Ba6 17. O-O Bxe2 18. Qxe2 Qc5 19. Nd4 a5 20. Nf5 g6
21. Qg4 Ne5 22. Nh6+ Kg7 23. Qh4 Qe7 24. Qxe7 Rxe7 25. Bxe5+ Rxe5 26. Ng4 Re6
27. f3 Nd2 28. Rfd1 Nb3 29. Rc2 h5 30. Nf2 Rxe3 31. Nd3 Rc8 32. Kf2 d4 33. c4
Kf8 34. c5 a4 35. c6 Ke7 36. Nb4 Kd6 37. Ra2 Kc5 38. Nc2 Rc3 39. Ne1 Kb5 40.
Rb2 R8xc6 41. Kg3 a3 0-1

[Event "Baku Open 2012"]
[Site "Baku AZE"]
[Date "2012.09.23"]
[Round "2.1"]
[White "Mirzoev, A."]
[Black "Alekseev, Evgeny"]
[Result "0-1"]
[WhiteElo "2565"]
[BlackElo "2682"]
[PlyCount "162"]
[EventDate "2012.09.22"]
[SourceDate "1999.07.01"]

1. d4 Nf6 2. Nf3 e6 3. c4 d5 4. Nc3 Bb4 5. Qa4+ Nc6 6. cxd5 exd5 7. Bg5 h6 8.
Bxf6 Qxf6 9. e3 O-O 10. Be2 Be6 11. O-O a6 12. Rfc1 Bd6 13. Qd1 Ne7 14. Na4 b6
15. Nc3 Rfd8 16. a3 Bf5 17. b4 b5 18. g3 c6 19. Nh4 Bh7 20. Bd3 Bxd3 21. Qxd3
a5 22. Rab1 axb4 23. axb4 Ra3 24. Qd1 Qe6 25. Ng2 Rda8 26. Ne1 Nc8 27. Nd3 Nb6
28. Nc5 Qg6 29. Qc2 Qg4 30. e4 dxe4 31. Qxe4 Qxe4 32. N3xe4 Be7 33. Nb3 Nc4 34.
Na5 Nxa5 35. bxa5 Ra6 36. d5 cxd5 37. Rc8+ Kh7 38. Nc3 R6xa5 39. Nxb5 R3a4 40.
Rc7 Bb4 41. Rb7 Kg6 42. Rb6+ f6 43. Kg2 Bc5 44. Rc6 Rc4 45. Rb2 Ba3 46. Rxc4
dxc4 47. Nxa3 Rxa3 48. Rb5 f5 49. Rc5 Rc3 50. h4 h5 51. Rc6+ Kf7 52. Kf1 Rc2
53. Kg2 c3 54. Kf3 Ke7 55. Ke3 Kd7 56. Rc4 Kd6 57. f3 Rc1 58. Kf4 Kd5 59. Rc8
Kd4 60. Rd8+ Kc4 61. Rc8+ Kd3 62. Rd8+ Ke2 63. Re8+ Kf2 64. Rc8 g6 65. Rc6 c2
66. Rc3 Kg2 67. Rc6 Kh3 68. Rc3 Rg1 69. Rxc2 Rxg3 70. Rc1 Kxh4 71. Rh1+ Rh3 72.
Rf1 g5+ 73. Kxf5 Rh2 74. Ke4 g4 75. fxg4 hxg4 76. Ke3 Kg3 77. Rg1+ Rg2 78. Ra1
Rb2 79. Ra4 Kh3 80. Ra8 g3 81. Rh8+ Kg2 0-1

[Event "Baku Open 2012"]
[Site "Baku AZE"]
[Date "2012.09.29"]
[Round "8.5"]
[White "Esen, B."]
[Black "Khenkin, I."]
[Result "1/2-1/2"]
[WhiteElo "2588"]
[BlackElo "2648"]
[PlyCount "21"]
[EventDate "2012.09.22"]
[SourceDate "1999.07.01"]

1. d4 Nf6 2. Nf3 d5 3. c4 e6 4. Nc3 Bb4 5. Bg5 h6 6. Bxf6 Qxf6 7. e3 O-O 8. Rc1
dxc4 9. Bxc4 c5 10. O-O cxd4 11. Nxd4 1/2-1/2

[Event "3rd Livigno Open A"]
[Site "Livigno ITA"]
[Date "2012.09.12"]
[Round "4.2"]
[White "Jovanic, O."]
[Black "Kravtsiv, M."]
[Result "1-0"]
[WhiteElo "2511"]
[BlackElo "2581"]
[PlyCount "71"]
[EventDate "2012.09.10"]
[SourceDate "1999.07.01"]

1. d4 Nf6 2. c4 e6 3. Nf3 d5 4. Nc3 Bb4 5. Bg5 Nbd7 6. cxd5 exd5 7. Qc2 c5 8.
g3 O-O 9. Bg2 h6 10. Be3 c4 11. O-O Re8 12. Bf4 Bxc3 13. bxc3 Ne4 14. Nd2 Nxd2
15. Qxd2 Nb6 16. Qc2 Be6 17. a4 a5 18. Rfb1 Ra6 19. Rb2 Bd7 20. h4 Qc8 21. Kh2
Re7 22. Bd6 Bxa4 23. Qb1 Re8 24. Rxb6 Bc2 25. Qb5 Rxb6 26. Qxb6 Rxe2 27. Qxa5
Qf5 28. Rf1 Be4 29. Bxe4 Qxe4 30. Kg1 Qf3 31. Qa8+ Kh7 32. Qa1 Kg6 33. Qc1 f5
34. Qf4 Qd3 35. Bb4 Re4 36. h5+ 1-0

[Event "40th Olympiad Open"]
[Site "Istanbul TUR"]
[Date "2012.09.05"]
[Round "8.11"]
[White "Lupulescu, C."]
[Black "Peralta, Fe"]
[Result "0-1"]
[WhiteElo "2614"]
[BlackElo "2606"]
[PlyCount "52"]
[EventDate "2012.08.28"]
[SourceDate "1999.07.01"]
[WhiteTeam "Romania"]
[BlackTeam "Argentina"]
[WhiteTeamCountry "NAU"]
[BlackTeamCountry "ARM"]

1. d4 Nf6 2. c4 e6 3. Nf3 d5 4. Nc3 Bb4 5. Qa4+ Nc6 6. Bg5 h6 7. Bxf6 Qxf6 8.
e3 O-O 9. Be2 Bd7 10. Qb3 dxc4 11. Qxc4 Bd6 12. O-O Rfc8 13. Rfd1 Be8 14. Rac1
Qg6 15. a3 a5 16. Bd3 Qh5 17. Be4 Nd8 18. h3 a4 19. Bc2 Qa5 20. Qd3 g6 21. d5
e5 22. Qe4 f5 23. Qh4 Nf7 24. Qf6 Nh8 25. Nxe5 Qb6 26. Nc4 Bh2+ 0-1

[Event "40th Olympiad Open"]
[Site "Istanbul TUR"]
[Date "2012.09.05"]
[Round "8.20"]
[White "Yilmaz, M."]
[Black "Nguyen Van Huy"]
[Result "1/2-1/2"]
[WhiteElo "2543"]
[BlackElo "2506"]
[PlyCount "57"]
[EventDate "2012.08.28"]
[SourceDate "1999.07.01"]
[WhiteTeam "Turkey"]
[BlackTeam "Vietnam"]
[WhiteTeamCountry "GAB"]
[BlackTeamCountry "MSG"]

1. Nf3 Nf6 2. c4 e6 3. Nc3 d5 4. d4 Bb4 5. Bg5 Nbd7 6. cxd5 exd5 7. e3 c5 8.
Be2 Qa5 9. O-O O-O 10. Nd2 c4 11. Qc2 Re8 12. Bf3 Bxc3 13. bxc3 Ne4 14. Bxe4
dxe4 15. Bf4 Nb6 16. Rfc1 Bg4 17. f3 exf3 18. gxf3 Bf5 19. e4 Bg6 20. Bg3 f5
21. Re1 Rac8 22. Re2 fxe4 23. fxe4 Nd5 24. Rc1 Nf6 25. Rce1 Nd5 26. Rc1 Nf6 27.
Rce1 Nd5 28. Rc1 Nf6 29. Rce1 1/2-1/2

[Event "40th Olympiad Open"]
[Site "Istanbul TUR"]
[Date "2012.08.29"]
[Round "2.15"]
[White "Ivanisevic, I."]
[Black "Grandelius, N."]
[Result "0-1"]
[WhiteElo "2645"]
[BlackElo "2562"]
[PlyCount "126"]
[EventDate "2012.08.28"]
[SourceDate "1999.07.01"]
[WhiteTeam "Serbia"]
[BlackTeam "Sweden"]
[BlackTeamCountry "BNN"]

1. d4 Nf6 2. c4 e6 3. Nf3 d5 4. Nc3 Bb4 5. cxd5 exd5 6. Bg5 h6 7. Bh4 c5 8. e3
c4 9. Be2 g5 10. Bg3 Ne4 11. Rc1 Qa5 12. Ne5 Nc6 13. O-O Nxg3 14. hxg3 Nxe5 15.
dxe5 Be6 16. Bg4 h5 17. Bxe6 fxe6 18. Ne2 O-O-O 19. Nd4 Qa6 20. b3 Kb8 21. Qc2
Ba3 22. Rb1 Bc5 23. Rfd1 h4 24. gxh4 Bxd4 25. Rxd4 Rxh4 26. Rxh4 gxh4 27. Kh2
Rc8 28. Rd1 h3 29. bxc4 hxg2 30. Kxg2 dxc4 31. Qd2 Qc6+ 32. f3 b5 33. Qd6+ Kb7
34. Kf2 Qxd6 35. exd6 Kc6 36. e4 e5 37. f4 Rf8 38. d7 Rd8 39. f5 b4 40. Ke3
Rxd7 41. Rxd7 Kxd7 42. Kd2 a5 43. Kc2 a4 44. a3 bxa3 45. Kc3 Kd6 46. Kc2 Kc6
47. Kc3 Kc5 48. Kc2 a2 49. Kb2 c3+ 50. Kxa2 Kc6 51. Ka3 Kd6 52. Ka2 Kc5 53. Ka3
Kc4 54. f6 c2 55. Kb2 Kd3 56. f7 a3+ 57. Kb3 c1=Q 58. f8=Q Qb2+ 59. Ka4 a2 60.
Qf3+ Kd4 61. Qd1+ Ke3 62. Qg1+ Qf2 63. Qg5+ Kd3 0-1